La muerte de una muñeca y otras dos obras. Napoleón I. Pues tiene ya muy poco tiempo.

Sábháilte in:
Sonraí bibleagrafaíochta
Príomhchruthaitheoir: Bruckner, Ferdinand (Údar)
Formáid: LEABHAR
Teanga:Spáinnis
Foilsithe / Cruthaithe: Buenos Aires, Argentina: Sudamericana, 1958.
Sraith:Colección Teatro.
Ábhair:
Clibeanna: Cuir clib leis
Níl clibeanna ann, Bí ar an gcéad duine le clib a chur leis an taifead seo!

MARC

LEADER 00000nam a2200000 a 4500
001 UCZ5042
003 CL-VaPUC
005 20241212103638.0
008 951116e19580000AG |||||||||||||||||spa|d
999 |c 241371  |d 241369 
040 |c Pontificia Universidad Católica de Valparaíso 
082 0 4 |a 832 BRU 1958  |2 21 
100 0 |a Bruckner, Ferdinand  |e author  |9 348999 
245 1 3 |a La muerte de una muñeca y otras dos obras.  |b Napoleón I. Pues tiene ya muy poco tiempo. 
260 |a Buenos Aires, Argentina:  |b Sudamericana,  |c 1958. 
300 |a 275 páginas. 
490 |a Colección Teatro. 
500 |a c.2: Donación P.I.I.E. 2-12-2024. 
583 |a last modification  |c 19951116 00:00:00  |k Rodrigo Vera 
650 0 |a Teatro alemán  |9 265742  |y Siglo 20 
650 0 |a Literatura alemana   |9 265457  |z Austria 
650 0 |a German literature  |9 894802  |x Theater  |y 20th century 
942 |c BK  |2 ddc 
945 |d 19951116 00:00:00  |a rleighto 
952 |0 0  |1 0  |4 0  |6 832_000000000000000_BRU_1958  |7 0  |8 A  |9 253672  |a BIBEDU  |b BIBEDU  |d 2019-11-19  |i 3151891  |o 832 BRU 1958  |p 3151891  |r 2019-11-19  |w 2019-11-19  |y BK  |k LIT 
952 |0 0  |1 0  |2 ddc  |4 0  |6 832_000000000000000_BRU_1958  |7 0  |8 A  |9 598634  |a BIBGIM  |b BIBGIM  |d 2024-12-12  |e Donación  |i 5663597  |o 832 BRU 1958  |p 5663597  |r 2025-01-15  |t 2  |w 2024-12-12  |y BK  |k ELE